Музыкальный букварь. Обучение по Вейсу (Запись № 10540602)

Подробности
000 -МАРКЕР
контрольное поле 01255ncm0a22003491 4500
001 - ИДЕНТИФИКАТОР ЗАПИСИ
контрольное поле RU\NLR\ONIZ\198192
005 - ИДЕНТИФИКАТОР ВЕРСИИ
контрольное поле 20250624194731.0
010 ## - МЕЖДУНАРОДНЫЙ СТАНДАРТНЫЙ НОМЕР КНИГИ (ISBN)
Номер (ISBN) 5-352-00232-2
035 ## - ДРУГИЕ СИСТЕМНЫЕ НОМЕРА
Идентификатор записи RU\NLR\ONIZ\GALA\5000012070\20140520140814
035 ## - ДРУГИЕ СИСТЕМНЫЕ НОМЕРА
Идентификатор записи (NLR Aleph) 010888817
071 20 - ИЗДАТЕЛЬСКИЙ НОМЕР
Номер, присвоенный агентством NM 608
100 ## - ДАННЫЕ ОБЩЕЙ ОБРАБОТКИ
Данные общей обработки 20140520d2002 |||y0rusy50 ca
101 0# - ЯЗЫК РЕСУРСА
Язык текста, звукозаписи и т.д. русский
102 ## - СТРАНА ПУБЛИКАЦИИ ИЛИ ПРОИЗВОДСТВА
Страна публикации российская федерация
200 1# - ЗАГЛАВИЕ И СВЕДЕНИЯ ОБ ОТВЕТСТВЕННОСТИ
Основное заглавие Музыкальный букварь. Обучение по Вейсу
Общее обозначение материала Ноты
Сведения, относящиеся к заглавию 1-й г. обучения
Первые сведения об ответственности П. Вейс
210 ## - ПУБЛИКАЦИЯ, РАСПРОСТРАНЕНИЕ И ДР.
Место издания, распространения и т.д. Санкт-Петербург
Имя издателя, распространителя и т. д. Нота
-- Азбука-классика
Дата издания, распространения и т.д. 2002
215 ## - ФИЗИЧЕСКАЯ ХАРАКТЕРИСТИКА
Специфическое обозначение материала и объем 79 с.
Размеры 29 см
225 1# - СЕРИЯ
Основное заглавие серии Школьная классика
225 1# - СЕРИЯ
Основное заглавие серии Сольфеджио
300 ## - ОБЩИЕ ПРИМЕЧАНИЯ
Текст примечания Крат. биогр. справка: с. 4 обл.
300 ## - ОБЩИЕ ПРИМЕЧАНИЯ
Текст примечания Коммент.: с. 50-79
686 ## - ИНДЕКСЫ ДРУГИХ КЛАССИФИКАЦИЙ
Индекс Щ907.11(2)
Издание LBC/SL
Код системы
700 #1 - ИМЯ ЛИЦА - ПЕРВИЧНАЯ ОТВЕТСТВЕННОСТЬ
Системный номер авторитетной/нормативной записи z08790
Начальный элемент ввода Вейс
Часть имени, кроме начального элемента ввода П. Ф.
Даты 1905-
Расширение инициалов личного имени Павел Филиппович
Код отношения Автор
790 #1 - ИМЯ ЛИЦА - АЛЬТЕРНАТИВНАЯ ФОРМА
Системный номер авторитетной/нормативной записи z08700
Начальный элемент ввода Weis
Часть имени, кроме начального элемента ввода P. F.
Даты 1905-
Расширение инициалов личного имени Pavel Filippovich
Код отношения Автор
Графика поля Латинская
801 #0 - ИСТОЧНИК ЗАПИСИ
Страна российская федерация
Организация NLR
Дата составления 20140520
Правила каталогизации PSBO
801 #1 - ИСТОЧНИК ЗАПИСИ
Страна российская федерация
Организация NLR
Дата составления 20140520
Источник данных rusmarc
801 #2 - ИСТОЧНИК ЗАПИСИ
Страна российская федерация
Организация NLR
Дата составления 20160216
852 ## - МЕСТОНАХОЖДЕНИЕ И ШИФР ХРАНЕНИЯ
Идентификатор организации NLR
Наименование фонда или коллекции (Sub-Location Identifier) М
Шифр хранения (Call Number) к-3/25970
Страна
Номер экземпляра 1
942 ## - ДОПОЛНИТЕЛЬНЫЕ ЭЛЕМЕНТЫ ЗАПИСИ (АБИС)
Тип экземпляра АБИС Ноты
980 ## - КОЛЛЕКЦИЯ
Название коллекции Национальная библиография
Экземпляры
Тип экземпляра Дата поступления Библиотека постоянного хранения Библиотека текущего хранения Место хранения Шифр хранения Статус не для выдачи
Ноты 20.05.2014 РНБ (Московский) РНБ (Московский) Фонд нот и звукозаписей к-3/25970 к-3/25970